[Event "ch-Africa 2025"]
[Site "Kerdasa EGY"]
[Date "2025.05.15"]
[Round "4.13"]
[White "Sameh Mohamed, Abdalrahman"]
[Black "Hossam Mohamed, Adham"]
[Result "1-0"]
[WhiteTitle "IM"]
[BlackTitle "CM"]
[WhiteElo "2211"]
[BlackElo "2014"]
[WhiteFideId "54262674"]
[BlackFideId "10669671"]
[EventDate "2025.05.13"]

1. e4 e6 2. d4 d5 3. e5 c5 4. c3 Nc6 5. Nf3 Bd7 6. a3 f6 7. Bd3 fxe5 8. Nxe5 Nf6
9. Be3 cxd4 10. cxd4 Bd6 11. f4 Ne7 12. Nc3 O-O 13. O-O a6 14. Qf3 g6 15. Rae1
Rc8 16. Bf2 Nh5 17. Ne2 Bb5 18. Bxb5 axb5 19. Qh3 Ng7 20. Rc1 Nc6 21. Qd3 Qa5
22. Be1 Qa7 23. Bf2 Qa5 24. b4 Qa6 25. Nd7 Rf7 26. Nc5 Qb6 27. g3 Ra8 28. Nc3
Rxa3 29. Qxb5 Bxc5 30. dxc5 Qa6 31. Qxa6 bxa6 32. b5 axb5 33. Nxb5 Ra5 34. Nd4
Rc7 35. Nxc6 Rxc6 36. Rb1 Ra8 37. Rb7 Rac8 38. Ra1 R8c7 39. Rb8+ Rc8 40. Rb7
R6c7 41. Rxc7 Rxc7 42. Ra8+ Kf7 43. Bd4 Ne8 44. Ra6 h5 45. c6 Kf8 46. Be5 Rc8
47. Kf2 Ke7 48. Ke3 Nc7 49. Rb6 Na8 50. Ra6 Nc7 51. Ra7 Kd8 52. Rb7 Na8 53. Bf6+
Ke8 54. Re7+ Kf8 55. Rxe6 Kf7 56. Rd6 Nc7 57. Rd8 d4+ 58. Kd3 Rxd8 59. Bxd8 Nb5
60. Kc4 Na7 61. c7 Ke6 62. Kxd4 Kf5 63. Kc5 Kg4 64. Kb6 Nc8+ 65. Kb7 Nd6+ 66.
Kb8 Kh3 67. c8=Q+ Nxc8 68. Kxc8 Kxh2 69. Bh4 1-0

[Event "ch-Africa 2025"]
[Site "Kerdasa EGY"]
[Date "2025.05.15"]
[Round "4.15"]
[White "Ahmed Hassan Ahmed"]
[Black "Alhassadi, Yousef A."]
[Result "1/2-1/2"]
[WhiteTitle "CM"]
[BlackTitle "FM"]
[WhiteElo "2050"]
[BlackElo "2165"]
[WhiteFideId "12201588"]
[BlackFideId "9204725"]
[EventDate "2025.05.13"]

1. d4 Nf6 2. c4 e6 3. g3 d5 4. Nf3 c5 5. cxd5 exd5 6. Nc3 Nc6 7. Bg2 Be7 8. O-O
O-O 9. dxc5 Bxc5 10. Bg5 d4 11. Bxf6 Qxf6 12. Nd5 Qd8 13. Nd2 Re8 14. Rc1 Bf8
15. Nb3 Bg4 16. Re1 Re5 17. Nf4 Bb4 18. Nd2 d3 19. Nxd3 Bxe2 20. Rxe2 Qxd3 21.
Rxe5 Nxe5 22. Nf3 Rd8 23. Qxd3 Nxd3 24. Rc2 Bc5 25. Bf1 Bb6 26. Rd2 Nc5 27.
Rxd8+ Bxd8 28. Bc4 Bf6 29. b3 b6 30. Kf1 Ne4 31. a4 Kf8 1/2-1/2

[Event "ch-Africa 2025"]
[Site "Kerdasa EGY"]
[Date "2025.05.15"]
[Round "4.16"]
[White "Abdin, Mahmoud"]
[Black "Abdel Moniem, Mohamed"]
[Result "0-1"]
[WhiteElo "1993"]
[BlackElo "2144"]
[WhiteFideId "10653376"]
[BlackFideId "10605924"]
[EventDate "2025.05.13"]

1. Nf3 d5 2. g3 Nf6 3. Bg2 c6 4. O-O Bf5 5. c4 e6 6. Qb3 Qb6 7. d3 Nbd7 8. Be3
Bc5 9. Bxc5 Nxc5 10. Qc2 h6 11. Nbd2 O-O 12. a3 a5 13. b3 Rfd8 14. Rab1 Na6 15.
h3 Rac8 16. Rfe1 Bh7 17. Rb2 Qc5 18. b4 axb4 19. axb4 Qe7 20. Qc3 c5 21. bxc5
Nxc5 22. Qb4 dxc4 23. dxc4 Qc7 24. Nb3 Na6 25. Qb5 Ne4 26. Na5 Nac5 27. Qb6 Qe7
28. Qb4 Qf6 29. Ra2 g5 30. Qb2 Qe7 31. Nb3 Nxb3 32. Qxb3 Qc5 33. e3 Qxc4 34. Qb2
b5 35. Nd4 Qc3 36. Qxc3 Nxc3 37. Rb2 Kg7 38. Nxb5 Rb8 39. Bf1 Bd3 40. Nxc3 Rxb2
41. Rd1 Rb3 42. Ne4 Rb1 43. Rxb1 Bxb1 44. Nc3 Bc2 45. g4 Rb8 46. Kg2 Rb3 47. Ne2
Bd3 48. Nd4 Bxf1+ 49. Kxf1 Rb6 50. Kg2 Kg6 51. Kg3 h5 52. f4 h4+ 53. Kf3 Rb2 54.
Ne2 f6 55. Kf2 gxf4 56. exf4 e5 57. fxe5 fxe5 58. Kf3 Kg5 59. Kf2 e4 60. Ke1 Rb3
61. Ng1 Rb1+ 62. Kf2 Rb3 63. Ke2 Kf4 64. Kf2 e3+ 65. Kf1 Rb1+ 66. Kg2 Rb2+ 67.
Kf1 Rf2+ 68. Ke1 Kg3 69. g5 Kg2 70. g6 Rf1+ 71. Ke2 Rxg1 0-1

[Event "ch-Africa 2025"]
[Site "Kerdasa EGY"]
[Date "2025.05.15"]
[Round "4.18"]
[White "El Ghazali, Youssef M."]
[Black "Naser Eldean, Ahmed"]
[Result "1/2-1/2"]
[WhiteTitle "IM"]
[BlackTitle "CM"]
[WhiteElo "2149"]
[BlackElo "2006"]
[WhiteFideId "10600167"]
[BlackFideId "9205365"]
[EventDate "2025.05.13"]

1. c4 Nf6 2. Nc3 g6 3. e4 d6 4. g3 Bg7 5. Bg2 O-O 6. Nge2 c5 7. d4 cxd4 8. Nxd4
Nc6 9. Nc2 Ne5 10. b3 Nfd7 11. Nd5 Nc5 12. O-O Ned3 13. Bg5 f6 14. Be3 e6 15.
Nf4 Nxf4 16. Bxf4 e5 17. Be3 Be6 18. Qd2 Rf7 19. Rad1 Rd7 20. Qc1 Na6 21. Rd2
Bf8 22. Rfd1 Qe8 23. f4 b6 24. f5 Bf7 25. fxg6 hxg6 26. Rf2 Be7 27. Rdf1 Nc7 28.
Nb4 Rdd8 29. Bh3 a5 30. Bxb6 axb4 31. Bxc7 Ra7 32. Bxd8 Qxd8 33. Qe3 Qa8 34. Qb6
Bd8 35. Qe3 Ra6 36. Qf3 Rxa2 37. Rxa2 Qxa2 38. Bg4 Qc2 39. h4 Qd2 40. Rd1 Qc2
41. Rxd6 Be7 42. Rd1 Kg7 43. Kh1 Be8 44. Be6 Bc6 45. Bd5 Bd7 46. Rf1 Qd2 47. Rf2
Qc1+ 48. Kg2 Qh6 49. Ra2 Bc5 50. Rc2 g5 51. Qd3 gxh4 52. gxh4 Be3 53. Qf1 Qxh4
54. Qf3 Bf4 55. Kf1 Bh3+ 56. Rg2+ Bxg2+ 57. Qxg2+ Bg5 58. c5 Qf4+ 59. Qf2 Qc1+
60. Kg2 Be3 61. Qg3+ Kh6 62. c6 Qg1+ 63. Kf3 Qxg3+ 64. Kxg3 Bb6 65. Kf3 Kg5 66.
Be6 Bc7 67. Bf5 Bd6 68. Ke3 Kh6 69. Kd3 Kg7 70. Kc4 Kf8 71. c7 Bxc7 72. Kxb4 Ke7
73. Kb5 Kd6 74. b4 Bd8 75. Ka6 Kc7 76. b5 Kb8 77. b6 Be7 78. Be6 Bc5 79. Kb5 Bf2
80. Kc6 Be3 81. b7 Bg5 82. Bd5 Bh4 1/2-1/2

[Event "ch-Africa 2025"]
[Site "Kerdasa EGY"]
[Date "2025.05.15"]
[Round "4.19"]
[White "Idrissi, Chafik"]
[Black "Deme, Cheikh Sidy Mohamed"]
[Result "1-0"]
[WhiteTitle "CM"]
[WhiteElo "2107"]
[BlackElo "1998"]
[WhiteFideId "9000259"]
[BlackFideId "19900430"]
[EventDate "2025.05.13"]

1. d4 d5 2. c4 Nc6 3. Nc3 e5 4. cxd5 Nxd4 5. e3 Nf5 6. Nf3 f6 7. Bb5+ Bd7 8. Qb3
Nd6 9. Bxd7+ Qxd7 10. O-O h5 11. Nd2 f5 12. Nf3 Qe7 13. Qa4+ Kf7 14. h4 Nf6 15.
Ng5+ Kg8 16. e4 f4 17. g3 Nf7 18. gxf4 Nxg5 19. hxg5 Ng4 20. f5 a5 21. d6 cxd6
22. f3 Nf6 23. Qb3+ Qf7 24. Qxf7+ Kxf7 25. gxf6 gxf6 26. Nd5 Rc8 27. Be3 Rg8+
28. Kh1 Rc2 29. Rac1 Rgg2 30. Rxc2 Re2 31. Rd2 Rxd2 32. Rd1 Rc2 33. Rc1 Rxc1+
34. Bxc1 1-0

[Event "ch-Africa 2025"]
[Site "Kerdasa EGY"]
[Date "2025.05.15"]
[Round "4.21"]
[White "Zebaze Dongmo Loic Dylane"]
[Black "Elhusseiny, Eyad"]
[Result "0-1"]
[WhiteTitle "CM"]
[BlackTitle "CM"]
[WhiteElo "1921"]
[BlackElo "2075"]
[WhiteFideId "16401107"]
[BlackFideId "10681523"]
[EventDate "2025.05.13"]

1. d4 d5 2. Bf4 Nf6 3. Nc3 a6 4. e3 c5 5. Nf3 e6 6. Be2 b5 7. O-O Bb7 8. Bd3 c4
9. Be2 Nbd7 10. Ne5 Nb6 11. a3 Ne4 12. Nb1 Bd6 13. Nd2 Qc7 14. Nxe4 dxe4 15. f3
f6 16. Ng4 Bxf4 17. exf4 h5 18. Nf2 e3 19. Nh3 Nd5 20. b3 Rc8 21. bxc4 bxc4 22.
Qe1 Nxf4 23. Nxf4 Qxf4 24. Qb4 Bd5 25. Qa4+ Ke7 26. c3 Qd6 27. Rab1 g5 28. Rb4
a5 29. Rb2 g4 30. f4 Rb8 31. Rxb8 Rxb8 32. Bxc4 Rb2 33. h3 Rxg2+ 34. Kh1 Rg3+
35. Kh2 Rxh3+ 0-1

[Event "ch-Africa 2025"]
[Site "Kerdasa EGY"]
[Date "2025.05.15"]
[Round "4.22"]
[White "Naipal, Hoolan"]
[Black "Bakeer Ehab, Ahmad"]
[Result "0-1"]
[WhiteTitle "CM"]
[WhiteElo "1844"]
[BlackElo "2069"]
[WhiteFideId "9700382"]
[BlackFideId "54240433"]
[EventDate "2025.05.13"]

1. Nf3 Nf6 2. b3 b6 3. Bb2 Bb7 4. e3 c5 5. Be2 g6 6. c4 Bg7 7. O-O O-O 8. d3 d6
9. Nbd2 Nbd7 10. Qc2 e5 11. Rad1 Qe7 12. Rfe1 Ne8 13. Bf1 f5 14. Nb1 g5 15. Nfd2
Rf7 16. f4 Nc7 17. Nc3 Re8 18. fxg5 Qxg5 19. e4 f4 20. Nf3 Qh6 21. Qf2 Bf6 22.
Nd5 Nxd5 23. cxd5 Nf8 24. a3 Ng6 25. Re2 Rg7 26. Bc1 Bc8 27. h3 Kh8 28. Kh1 Nh4
29. Rc2 Nxf3 30. Qxf3 Bg4 0-1

[Event "ch-Africa 2025"]
[Site "Kerdasa EGY"]
[Date "2025.05.15"]
[Round "4.24"]
[White "Ali Abdullahi, Farah"]
[Black "Kimani, Kimingi"]
[Result "0-1"]
[WhiteTitle "CM"]
[WhiteElo "1933"]
[BlackElo "1911"]
[WhiteFideId "16100212"]
[BlackFideId "10807012"]
[EventDate "2025.05.13"]

1. d4 Nf6 2. c4 c5 3. e3 g6 4. Nf3 Bg7 5. Be2 O-O 6. Bd2 Qb6 7. Bc3 d6 8. d5 e6
9. dxe6 Bxe6 10. Ng5 Bf5 11. Bd3 Bxd3 12. Qxd3 Nc6 13. Nd2 Nb4 14. Qb1 d5 15. a3
Na6 16. cxd5 Nxd5 17. Bxg7 Kxg7 18. Ngf3 Qb5 19. Qc2 Rfd8 20. Nc4 Nb6 21. Nfd2
Nxc4 22. Nxc4 Qc6 23. O-O b5 24. Ne5 Qe6 25. Nf3 Qb6 26. h4 h5 27. Qc3+ Kg8 28.
Ng5 c4 29. a4 Rd3 30. Qe5 b4 31. Rfc1 Rc8 32. Ne4 Qe6 33. Qxe6 fxe6 34. Kf1 b3
35. Ke2 Nb4 36. a5 Na2 37. Rxc4 Rxc4 38. Kxd3 Rc2 39. Rb1 e5 40. Nd2 Nc1+ 41.
Rxc1 Rxc1 42. Nxb3 Rd1+ 43. Kc3 Rf1 44. Nc5 Rxf2 45. b4 Kf7 46. b5 Ke7 47. b6
axb6 48. axb6 Kd8 49. Kc4 Rxg2 50. Kd5 g5 51. hxg5 h4 52. Kc6 h3 53. b7 Rb2 54.
Ne4 h2 55. Ng3 Ke7 56. Kc7 Kf7 57. b8=Q Rb5 58. Qb7 Rxb7+ 0-1

[Event "ch-Africa 2025"]
[Site "Kerdasa EGY"]
[Date "2025.05.15"]
[Round "5.1"]
[White "Ezat, Mohamed"]
[Black "Amin, Bassem"]
[Result "0-1"]
[WhiteTitle "IM"]
[BlackTitle "GM"]
[WhiteElo "2296"]
[BlackElo "2649"]
[WhiteFideId "10600906"]
[BlackFideId "10601457"]
[EventDate "2025.05.13"]

1. d4 Nf6 2. c4 g6 3. Nc3 Bg7 4. e4 d6 5. Be2 O-O 6. Bg5 c5 7. d5 h6 8. Bf4 e6
9. Qd2 exd5 10. exd5 g5 11. Be3 Ng4 12. Bxg4 Bxg4 13. h3 Bf5 14. h4 f6 15. Nge2
Nd7 16. Ng3 Bg6 17. f4 gxh4 18. f5 hxg3 19. fxg6 Qe8 20. O-O-O Ne5 21. Bxh6 Qxg6
22. Bf4 Rae8 23. b3 a6 24. Rh3 f5 25. Rxg3 Ng4 26. Rh1 Rf7 27. Re1 Rfe7 28. Re6
Rxe6 29. dxe6 Rxe6 30. Rd3 Kf7 31. Rf3 Bxc3 32. Qxc3 Nf6 33. Qd2 b6 34. Re3 Ne4
35. Qd5 Qg4 36. g3 Qh3 37. Kb2 b5 38. a3 Qh2+ 39. Ka1 Qh8+ 40. Ka2 Nc3+ 41. Rxc3
Qxc3 42. Qxf5+ Qf6 43. Qd5 Kg6 44. g4 Kg7 45. Bd2 Re2 46. Kb1 Qe6 47. Qd3 Qe4
48. Kc2 bxc4 49. bxc4 Kf6 50. a4 Qxd3+ 51. Kxd3 Rg2 52. g5+ Kf5 53. a5 Rxd2+ 54.
Kxd2 Kxg5 0-1

[Event "ch-Africa 2025"]
[Site "Kerdasa EGY"]
[Date "2025.05.15"]
[Round "5.2"]
[White "Fawzy, Adham"]
[Black "Bellahcene, Bilel"]
[Result "0-1"]
[WhiteTitle "GM"]
[BlackTitle "GM"]
[WhiteElo "2513"]
[BlackElo "2504"]
[WhiteFideId "10613129"]
[BlackFideId "696358"]
[EventDate "2025.05.13"]

1. e4 c5 2. Nf3 Nc6 3. Bb5 e6 4. Bxc6 bxc6 5. b3 Qc7 6. Bb2 f6 7. d3 Nh6 8. Qe2
Be7 9. h3 e5 10. Nc3 d6 11. g4 Nf7 12. Rg1 Nd8 13. Bc1 Ne6 14. Bd2 a5 15. h4 Ba6
16. Qf1 O-O 17. Qh3 Rad8 18. g5 Bc8 19. gxf6 Rxf6 20. Qg3 Rdf8 21. Ng5 Bd8 22.
Nxe6 Bxe6 23. Bg5 Rf3 24. Qg2 Bxg5 25. Qxg5 Rxf2 26. O-O-O R8f6 27. Rg3 h6 28.
Qe3 Qf7 29. Rdg1 Rf1+ 30. Kb2 Rxg1 31. Qxg1 Rf4 32. Qe1 Rf1 33. Qe2 Qf4 34. Re3
Bg4 35. Qd2 Rg1 36. Na4 h5 0-1

[Event "ch-Africa 2025"]
[Site "Kerdasa EGY"]
[Date "2025.05.15"]
[Round "5.3"]
[White "Ahmed, Ahmed Alaa"]
[Black "Wafa, Hamed"]
[Result "1-0"]
[BlackTitle "IM"]
[WhiteElo "2223"]
[BlackElo "2367"]
[WhiteFideId "10624562"]
[BlackFideId "10628452"]
[EventDate "2025.05.13"]

1. c4 Nf6 2. Nc3 e5 3. g3 Bb4 4. e4 Bxc3 5. dxc3 d6 6. Bg2 a5 7. a4 Na6 8. Qc2
Be6 9. b3 Nc5 10. Be3 Qd7 11. h3 Qc6 12. f3 Ng8 13. Ne2 Ne7 14. g4 h5 15. Ng3 g6
16. g5 h4 17. Nf1 O-O-O 18. Nd2 b6 19. O-O Rdf8 20. b4 Nb7 21. f4 Qd7 22. Kh2
exf4 23. Bxf4 Nc6 24. c5 dxc5 25. b5 Nb8 26. e5 Bd5 27. Ne4 Qe6 28. Rae1 Nd7 29.
Nd6+ Kb8 30. Bxd5 Qxd5 31. Nxf7 Rxf7 32. e6 Rf5 33. c4 Qd4 34. Rd1 Rxf4 35. Rxd4
Rxd4 36. exd7 Rxd7 37. Qxg6 Nd6 38. Rf4 Re7 39. Qf6 Re2+ 40. Rf2 Ree8 41. g6
Rhg8 42. Rf4 Re2+ 43. Kg1 Re3 44. Kh2 Re2+ 45. Kh1 Ne8 46. Qd8+ Ka7 47. Rg4 Re1+
48. Kg2 Re2+ 49. Kf3 Re6 50. g7 Rf6+ 51. Rf4 Rd6 52. Qe7 Rg6 53. Rf8 Rg3+ 54.
Kf4 Nxg7 55. Qxc7# 1-0

[Event "ch-Africa 2025"]
[Site "Kerdasa EGY"]
[Date "2025.05.15"]
[Round "5.4"]
[White "Simpson, Michael"]
[Black "Amdouni, Zoubaier"]
[Result "1-0"]
[WhiteTitle "FM"]
[BlackTitle "FM"]
[WhiteElo "2108"]
[BlackElo "2226"]
[WhiteFideId "14338882"]
[BlackFideId "5500419"]
[EventDate "2025.05.13"]

1. e4 c5 2. Nf3 Nc6 3. Bb5 e6 4. Bxc6 bxc6 5. d3 Ne7 6. Qe2 Ng6 7. h4 h5 8. e5
d5 9. exd6 Bxd6 10. Na3 Ne7 11. Nc4 Bc7 12. Be3 Qd5 13. O-O-O Ba6 14. Nfd2 Nf5
15. c3 Qxg2 16. Rhg1 Qd5 17. Nb3 Bb6 18. Bf4 Bd8 19. Ne5 Bf6 20. c4 Nd4 21. Nxd4
Qxd4 22. Bg3 Bb7 23. Rd2 a5 24. a4 Ra6 25. Re1 Bc8 26. Qf3 Rb6 27. Re4 Qd8 28.
d4 Qe7 29. dxc5 Qxc5 30. Nd3 Rb3 31. Qxf6 Rxd3 32. Qxg7 1-0

[Event "ch-Africa 2025"]
[Site "Kerdasa EGY"]
[Date "2025.05.15"]
[Round "5.5"]
[White "Tamer Waguih, Farid"]
[Black "Adly, Ahmed"]
[Result "1/2-1/2"]
[WhiteTitle "FM"]
[BlackTitle "GM"]
[WhiteElo "2206"]
[BlackElo "2597"]
[WhiteFideId "10685723"]
[BlackFideId "10601619"]
[EventDate "2025.05.13"]

1. e4 c5 2. Nf3 d6 3. d4 cxd4 4. Nxd4 Nf6 5. Nc3 Nc6 6. Bg5 e6 7. Qd2 a6 8. Nxc6
bxc6 9. O-O-O Be7 10. Bxf6 gxf6 11. Bc4 Rb8 12. Bb3 Rg8 13. f4 Qa5 14. Rhf1 Bd7
15. f5 Qe5 16. g3 a5 17. Qh6 c5 18. Qxh7 Rf8 19. Rfe1 a4 20. fxe6 fxe6 21. Bxa4
Bxa4 22. Nxa4 Kd7 23. Rxd6+ Qxd6 24. Rd1 Kc6 25. Rxd6+ Bxd6 26. Qa7 Rfd8 27.
Qa6+ Kc7 28. Qa5+ Kc6 29. Qa6+ Kc7 30. Qa5+ Kc6 1/2-1/2

[Event "ch-Africa 2025"]
[Site "Kerdasa EGY"]
[Date "2025.05.15"]
[Round "5.6"]
[White "George Samir, David"]
[Black "Nsubuga, Haruna"]
[Result "1-0"]
[WhiteTitle "FM"]
[BlackTitle "FM"]
[WhiteElo "2346"]
[BlackElo "2137"]
[WhiteFideId "10657789"]
[BlackFideId "10000569"]
[EventDate "2025.05.13"]

1. e4 c5 2. Nf3 Nc6 3. d4 cxd4 4. Nxd4 Nf6 5. Nc3 e5 6. Ndb5 d6 7. Bg5 a6 8. Na3
b5 9. Nd5 Be7 10. Bxf6 Bxf6 11. c4 b4 12. Nc2 Rb8 13. g3 O-O 14. b3 Bg5 15. h4
Bh6 16. Bh3 Be6 17. Kf1 g6 18. Kg2 a5 19. Qd3 Bg7 20. Rad1 h5 21. Qe2 Rb7 22.
Rd3 Qe8 23. Nde3 Bxh3+ 24. Kxh3 Nd4 25. Qd1 f5 26. exf5 Qc8 27. Kg2 Rbf7 28.
Nxd4 exd4 29. Nc2 Qxf5 30. Rf1 Qc5 31. Nxd4 d5 32. cxd5 Qxd5+ 33. Nf3 Qb7 34.
Re1 Kh7 35. Re6 Rf5 36. Qe2 R8f7 37. Rde3 Bf8 38. R6e5 R5f6 39. Rxa5 Bh6 40. Rd3
Re7 41. Re5 Rxe5 42. Qxe5 Rf7 43. Qd5 Qa7 44. Rd4 Re7 45. Rxb4 Qxa2 46. Rb7 Rxb7
47. Qxb7+ Bg7 48. Ng5+ Kh6 49. Qb8 Qd2 50. Qg8 1-0

[Event "ch-Africa 2025"]
[Site "Kerdasa EGY"]
[Date "2025.05.15"]
[Round "5.7"]
[White "Boulrens, Ala Eddine"]
[Black "Kandil, Ahmed"]
[Result "1/2-1/2"]
[BlackTitle "FM"]
[WhiteElo "2136"]
[BlackElo "2289"]
[WhiteFideId "7907559"]
[BlackFideId "10628401"]
[EventDate "2025.05.13"]

1. e4 e5 2. Nf3 Nc6 3. Bc4 Bc5 4. c3 Nf6 5. d4 exd4 6. cxd4 Bb4+ 7. Bd2 Bxd2+ 8.
Nbxd2 d5 9. exd5 Nxd5 10. Qb3 Na5 11. Qa4+ c6 12. Bxd5 Qxd5 13. Rc1 Qb5 14. Qxb5
cxb5 15. O-O O-O 16. Rc5 b6 17. Rc7 Nc4 18. Nxc4 bxc4 19. Ne5 Be6 20. Nc6 Kh8
21. Nxa7 Rfd8 22. Nc6 Rd6 23. Re1 h6 24. a3 Ra4 25. f3 c3 26. Ne5 cxb2 27. Rb1
Rxa3 28. Rxb2 Rxd4 29. Nxf7+ Kg8 30. Ne5 Ra2 31. Rxa2 Bxa2 32. Rb7 Rb4 33. h4
Rxh4 1/2-1/2

[Event "ch-Africa 2025"]
[Site "Kerdasa EGY"]
[Date "2025.05.15"]
[Round "5.8"]
[White "Abdel Moniem, Mohamed"]
[Black "Kandil, Adham"]
[Result "1-0"]
[BlackTitle "IM"]
[WhiteElo "2144"]
[BlackElo "2265"]
[WhiteFideId "10605924"]
[BlackFideId "10618490"]
[EventDate "2025.05.13"]

1. Nf3 Nf6 2. d4 e6 3. c3 c5 4. e3 Be7 5. Bd3 d6 6. O-O Qc7 7. e4 e5 8. dxe5
dxe5 9. c4 Nc6 10. Nc3 Bg4 11. Nd5 Qd6 12. h3 Bh5 13. Be3 O-O 14. a3 Nxd5 15.
cxd5 Nd4 16. g4 Bg6 17. Nd2 b5 18. b3 a6 19. a4 Qb6 20. Kg2 Rfd8 21. axb5 axb5
22. Bxd4 cxd4 23. Qe2 Rab8 24. Rfc1 Bc5 25. Nf3 f6 26. Ra2 Be8 27. Rca1 Qc7 28.
Ra6 Qf7 29. Rc1 Bb4 30. Rc2 Bc3 31. Nh4 g6 32. Rca2 Bb4 33. Qf3 Be7 34. Ra7 Bd7
35. R2a6 Kg7 36. Qg3 Rbc8 37. d6 Bf8 38. Bxb5 Rc3 39. Nf3 Rxb3 40. Bc6 Bxd6 41.
Bd5 Rxf3 42. Qxf3 Qe7 43. Rb7 Rb8 44. Raa7 Rxb7 45. Rxb7 Kf8 46. Qd3 f5 47. Qa6
fxg4 48. hxg4 Bc5 49. Rxd7 1-0

[Event "ch-Africa 2025"]
[Site "Kerdasa EGY"]
[Date "2025.05.15"]
[Round "5.11"]
[White "Mena, Martin"]
[Black "Sayed Hassan, Mohamed"]
[Result "1/2-1/2"]
[WhiteTitle "FM"]
[WhiteElo "2044"]
[BlackElo "2201"]
[WhiteFideId "10651225"]
[BlackFideId "10603468"]
[EventDate "2025.05.13"]

1. d4 Nf6 2. Nf3 g6 3. Bg5 Bg7 4. Nbd2 c5 5. e3 b6 6. c3 Bb7 7. Be2 d6 8. a4 a6
9. b4 Nbd7 10. O-O Rc8 11. bxc5 bxc5 12. Rb1 Rc7 13. Qb3 Qa8 14. Bc4 O-O 15.
Rfe1 h6 16. Bh4 g5 17. Bg3 Ne4 18. Red1 Nxd2 19. Rxd2 Bxf3 20. gxf3 Rb8 21.
Bxf7+ Kh8 22. Qa2 Rxb1+ 23. Qxb1 cxd4 24. cxd4 Qxf3 25. Be6 h5 26. h3 Nf8 27.
Bf5 h4 28. Be4 Qf7 29. Bh2 Bf6 30. Rc2 Rxc2 31. Qxc2 Qe6 32. Bf5 Qd5 33. Bg4 a5
34. f4 Kg7 35. Bf5 Qf3 36. Qd3 Qc6 37. Qd1 Qc3 38. Kf2 e5 39. fxe5 dxe5 40. d5
Qb2+ 41. Qc2 Qb6 42. Qc3 Qb8 43. e4 Ng6 44. Qd2 Qb6+ 45. Kg2 Qb3 46. d6 Nf4+ 47.
Bxf4 exf4 48. Qf2 Qg3+ 49. Qxg3 hxg3 50. d7 Bd8 51. e5 Kf8 52. e6 Ke7 53. Kf3
Kf6 54. Bg4 Ke5 55. Kg2 1/2-1/2

[Event "ch-Africa 2025"]
[Site "Kerdasa EGY"]
[Date "2025.05.15"]
[Round "5.12"]
[White "Abdelnabbi, Imed"]
[Black "Nader Obeid"]
[Result "1-0"]
[WhiteTitle "IM"]
[BlackTitle "FM"]
[WhiteElo "2385"]
[BlackElo "2069"]
[WhiteFideId "10600035"]
[BlackFideId "12200085"]
[EventDate "2025.05.13"]

1. d4 d5 2. c4 e6 3. Nc3 f5 4. Bf4 Nf6 5. e3 c6 6. Bd3 Bd6 7. Nge2 O-O 8. O-O
dxc4 9. Bxc4 Nd5 10. Bxd6 Qxd6 11. Qd2 Nd7 12. f3 b5 13. Bb3 b4 14. Na4 Ba6 15.
Rfd1 Rf6 16. e4 fxe4 17. fxe4 Rf2 18. Kxf2 Qxh2 19. Qg5 N7f6 20. Nc5 Ng4+ 21.
Qxg4 Rf8+ 22. Ke1 Qh1+ 23. Kd2 Qh6+ 24. Nf4 Nxf4 25. Kc2 Be2 26. Qg3 Bxd1+ 27.
Rxd1 Ne2 28. Qg4 Qe3 1-0

[Event "ch-Africa 2025"]
[Site "Kerdasa EGY"]
[Date "2025.05.15"]
[Round "5.13"]
[White "Bakeer Ehab, Ahmad"]
[Black "Yousry, Salah"]
[Result "0-1"]
[BlackTitle "FM"]
[WhiteElo "2069"]
[BlackElo "2256"]
[WhiteFideId "54240433"]
[BlackFideId "10601120"]
[EventDate "2025.05.13"]

1. e4 e6 2. d4 d5 3. Nc3 Nf6 4. e5 Nfd7 5. f4 c5 6. Nf3 Nc6 7. Be3 Be7 8. Qd2
Qa5 9. O-O-O c4 10. Kb1 b5 11. Ne2 b4 12. c3 Rb8 13. Ka1 Nb6 14. Qc1 Na4 15. Rd2
b3 16. Qb1 Rb6 17. g4 Ba3 18. Qc1 bxa2 19. b4 Bxc1 20. bxa5 Bxd2 21. Bxd2 Nxa5
22. Kxa2 Bd7 23. Bc1 O-O 24. h4 Rfb8 25. Ne1 Nb3 26. Be3 Ra6 27. Kb1 Nxd4+ 28.
Kc1 Nxe2+ 29. Bxe2 Nxc3 30. Bf3 Ra2 31. Nc2 Ba4 32. Kd2 0-1

[Event "ch-Africa 2025"]
[Site "Kerdasa EGY"]
[Date "2025.05.15"]
[Round "5.14"]
[White "Alhassadi, Yousef A."]
[Black "Sayed, Hany"]
[Result "1-0"]
[WhiteTitle "FM"]
[WhiteElo "2165"]
[BlackElo "2033"]
[WhiteFideId "9204725"]
[BlackFideId "10605878"]
[EventDate "2025.05.13"]

1. e4 c5 2. c3 Nf6 3. e5 Nd5 4. Nf3 e6 5. d4 cxd4 6. cxd4 d6 7. Bc4 dxe5 8. dxe5
Bb4+ 9. Bd2 Be7 10. O-O Nc6 11. Qe2 O-O 12. Nc3 Nb6 13. Bd3 Nd7 14. Rad1 a6 15.
Bf4 Qa5 16. h4 g6 17. h5 Re8 18. Rfe1 Nf8 19. Bb1 Nb4 20. Bg5 Nd5 21. Ne4 Nd7
22. Bxe7 Rxe7 23. h6 Qd8 24. a3 Qf8 25. Qd2 N7b6 26. Ba2 Bd7 27. Bxd5 Nxd5 28.
Nf6+ Kh8 29. Ng5 Bc6 30. Ngxh7 Qc8 31. Qg5 Qd8 32. Nxd5 Rd7 33. Qf6+ Qxf6 34.
Ndxf6 Rc7 35. Ng5 Rf8 36. Rd4 Rcc8 37. Red1 Bb5 38. Rd8 Rcxd8 39. Rd3 Rd7 40.
Rxd7 1-0

[Event "ch-Africa 2025"]
[Site "Kerdasa EGY"]
[Date "2025.05.15"]
[Round "5.15"]
[White "Abdallah, Mohamed Khalil"]
[Black "Ahmed Hassan Ahmed"]
[Result "1-0"]
[WhiteTitle "CM"]
[BlackTitle "CM"]
[WhiteElo "2123"]
[BlackElo "2050"]
[WhiteFideId "5529506"]
[BlackFideId "12201588"]
[EventDate "2025.05.13"]

1. d4 Nf6 2. c4 e6 3. Nf3 d5 4. g3 c5 5. cxd5 exd5 6. Bg2 Nc6 7. O-O Be7 8. Nc3
O-O 9. b3 Ne4 10. Bb2 Nxc3 11. Bxc3 Bf6 12. Qd2 cxd4 13. Nxd4 Bg4 14. e3 Rc8 15.
Rac1 Re8 16. h3 Be6 17. Rfd1 Nxd4 18. Bxd4 Bxd4 19. Qxd4 b6 20. h4 h6 21. Rxc8
Qxc8 22. Bxd5 Bxd5 23. Qxd5 Qc2 24. Rd2 Qc1+ 25. Kg2 Rf8 26. Rd4 Rc8 27. Rf4 Qc6
28. Rd4 Kf8 29. e4 Qxd5 30. Rxd5 Ke7 31. Rd3 Rc1 32. Kf3 b5 33. Kg2 a6 34. Rd5
Rc2 35. a4 bxa4 36. bxa4 Rc4 37. Ra5 Rc6 38. h5 Kd7 39. f4 Kc7 40. Rf5 f6 41. e5
Kd7 42. exf6 gxf6 43. Rd5+ Ke6 44. Ra5 Kd6 45. Kh3 Kc7 46. Kg4 Kb6 47. Rd5 a5
48. Kf5 Rc4 49. Rd6+ Kc5 50. Rxf6 Rxa4 51. Rxh6 Ra3 52. g4 a4 53. Ra6 Kb5 54.
Ra8 Rh3 55. Kg6 a3 56. h6 1-0